Hidrología subterránea de los alrededores de Pátzcuaro, Michoacán, (Record no. 25018)

MARC details
000 -LEADER
fixed length control field 01229cam a22002651 4500
001 - CONTROL NUMBER
control field gs 11000246
003 - CONTROL NUMBER IDENTIFIER
control field DLC
005 - DATE AND TIME OF LATEST TRANSACTION
control field 20260227111311.0
008 - FIXED-LENGTH DATA ELEMENTS--GENERAL INFORMATION
fixed length control field 870304s1909 mx abf 000 0 spa c
010 ## - LIBRARY OF CONGRESS CONTROL NUMBER
LC control number gs 11000246
035 ## - SYSTEM CONTROL NUMBER
System control number (OCoLC)15268792
040 ## - CATALOGING SOURCE
Original cataloging agency U.S. Geol. survey. Library
Transcribing agency TxDaM
Modifying agency OCoLC
-- DLC
042 ## - AUTHENTICATION CODE
Authentication code premarc
050 00 - LIBRARY OF CONGRESS CALL NUMBER
Classification number QE201
Item number .A3 t. 2, núm 9
100 1# - MAIN ENTRY--PERSONAL NAME
Personal name Villarello, Juan D.,
Dates associated with a name 1869-
245 10 - TITLE STATEMENT
Title Hidrología subterránea de los alrededores de Pátzcuaro, Michoacán,
Statement of responsibility, etc. por el ingeniero de minas Juan D. Villarello.
260 ## - PUBLICATION, DISTRIBUTION, ETC.
Place of publication, distribution, etc. México,
Name of publisher, distributor, etc. Imprenta y fototipia de la Secretaría de fomento,
Date of publication, distribution, etc. 1909.
300 ## - PHYSICAL DESCRIPTION
Extent 2 p. l., [343]-384 p., 1 l.,
Other physical details illus., pl. LIX-LXII (incl. 2 fold. maps)
Dimensions 23 cm.
490 0# - SERIES STATEMENT
Series statement México. Instituto geológico. Parergones.
Volume/sequential designation t. II, núm. 9
500 ## - GENERAL NOTE
General note At head of title: Instituto geológico de México ...
500 ## - GENERAL NOTE
General note Map on plate LXI accompanied by transparent leaf with outline drawing.
500 ## - GENERAL NOTE
General note "El hundimiento del cerro de Sartenejas en los alrededores de Tetecala, estado de Morelos, por el ingeniero de minas Teodoro Flores": p. [363]-384.
650 #0 - SUBJECT ADDED ENTRY--TOPICAL TERM
Topical term or geographic name entry element Groundwater
Geographic subdivision Mexico
-- Michoacán de Ocampo.
700 1# - ADDED ENTRY--PERSONAL NAME
Personal name Flores, Teodoro
Titles and other words associated with a name (Mining engineer)

No items available.

Powered by Koha